Self-esteem at work : how confident people make powerful companies

Αποθηκεύτηκε σε:
Λεπτομέρειες βιβλιογραφικής εγγραφής
Κύριος συγγραφέας: Branden, Nathaniel
Άλλοι συγγραφείς: Bennis, Warren G. (Συγγραφέας εισαγωγής κ.λπ.)
Μορφή: Βιβλίο
Γλώσσα:English
Δημοσίευση: [n.l.] : Jossey-Bass, c1998
Θέματα:
Ετικέτες: Προσθήκη ετικέτας
Δεν υπάρχουν, Καταχωρήστε ετικέτα πρώτοι!

MARC

LEADER 00000nam a2200000 i 4500
001 1/65196
008 041109s1998 eng d
020 |a 0-7879-4001-1 (hbk.) 
035 |l 10075162 
040 |a GR-MY-UA  |b gre  |e aacr 
041 0 |a eng 
082 0 |a 658.409  |2 (21) 
100 1 |a Branden, Nathaniel. 
245 1 0 |a Self-esteem at work :  |b how confident people make powerful companies /  |c Nathaniel Branden ; foreword by Warren Bennis 
260 |a [n.l.] :   |b Jossey-Bass,   |c c1998 
300 |a xiv, 144 σ.;  |c 23 εκ. 
504 |a Περιλαμβάνει βιβλιογραφικές αναφορές και ευρετήριο 
650 0 0 |a Career development. 
650 0 0 |a Self-esteem. 
650 0 0 |a Leadership. 
700 1 |a Bennis, Warren G.  |4 aui 
852 |a INST  |b CHIOS  |e 20041109  |h 658.409 BRA  |p 005200022907  |q 005200022907  |t BK  |y 0 
901 |a BIBL2-2004-3 
909 |a Χ  |b 107080 
922 |a 2ΕΛΗ  |b 200311  |c ΤΔΕ  |d ΠΑΠΑΣΩΤΗΡΙΟΥ 
950 |a 112-2003-09-05 
970 |a ΣΑΛΑΜΟΥΡΑ  |b ΜΑΡΙΑ  |z 2004/11/12